| 000 | 00881nam a2200265 i 4500 | ||
|---|---|---|---|
| 001 | bg | ||
| 100 | 1 | _aOLSZEWSKI, Ewald | |
| 245 | 1 | 0 |
_aMaszyny do obróbki plastycznej stosowane w procesach kucia oraz tłoczenia / _cEwald Olszewski. |
| 250 | _aWyd. 2 przejrz. i popr. | ||
| 260 |
_aCzęstochowa : _bWydaw. PC, _c1997. |
||
| 300 |
_a246, [2] s. : _brys., wykr. ; _c24 cm. |
||
| 490 | 1 |
_aSkrypty Politechniki Częstochowskiej, _x1234-9909 ; _v19 |
|
| 504 | _aBibliogr. s. [248]. | ||
| 650 | 9 |
_aKuźnictwo _xnarzędzia i maszyny |
|
| 650 | 9 |
_aTłocznictwo _xnarzędzia i maszyny |
|
| 655 | _aPodręczniki akademickie | ||
| 830 |
_aSkrypty Politechniki Częstochowskiej, _x1234-9909 ; |
||
| 020 | _a838503174X | ||
| 040 | _cBPK | ||
| 041 | 0 | _apl | |
| 080 | _a621.73+621.97](075.8) | ||
| 920 | _a83-85031-74-X | ||
| 942 | _cKS | ||
| 008 | s pl f |000 0 pol | ||
| 999 |
_c31540 _d31540 |
||
| 856 |
_uhttp://koha.tu.koszalin.pl/cgi-bin/koha/opac-detail.pl?biblionumber=31540 _yKatalog online BPK |
||